000 00425nam a22001457a 4500
008 230608b xxu||||| |||| 00| 0 eng d
020 _a9966854576
082 _a333.76762
_bAKO
100 _cJoshua Jason Akong'a
245 _aHarnessing Human Nature for Socio-Economic Development in Kenya: An Antropological Exegesis
260 _aKenya
_bMoi University Press
_c2009
300 _aXIII,89p
440 _n2
942 _2ddc
_cBK
999 _c850
_d850